A. WESLEY POWELL LEARNING RESOURCE CENTRE (WPLRC)

Wonderful Place to Learn, Research & Collaborate

FESTIVAL AND SPECIAL EVENTS MANAGEMENT (Record no. 20259)

MARC details
000 -LEADER
fixed length control field 00664nam a22002417a 4500
001 - ACCESSION NUMBER
control field 48782
003 - CONTROL NUMBER IDENTIFIER
control field OSt
005 - DATE AND TIME OF LATEST TRANSACTION
control field 20250110100416.0
008 - FIXED-LENGTH DATA ELEMENTS--GENERAL INFORMATION
fixed length control field 250110b |||||||| |||| 00| 0 eng d
020 ## - INTERNATIONAL STANDARD BOOK NUMBER
International Standard Book Number 0471421820
040 ## - CATALOGING SOURCE
Transcribing agency DDC
082 ## - DEWEY DECIMAL CLASSIFICATION NUMBER
Edition number 2nd
Classification number 394.26'068
245 ## - TITLE STATEMENT
Title FESTIVAL AND SPECIAL EVENTS MANAGEMENT
Statement of responsibility, etc. Jonny Allen, William O'Tode, Ian McDonnell and Robert Harris
250 ## - EDITION STATEMENT
Edition statement 2nd
260 ## - PUBLICATION, DISTRIBUTION, ETC. (IMPRINT)
Place of publication, distribution, etc. Australia
Name of publisher, distributor, etc. John Wiley and sons
Date of publication, distribution, etc. 2002
300 ## - PHYSICAL DESCRIPTION
Extent xv,416p
Other physical details Includes Index
Dimensions 25cm
500 ## - GENERAL NOTE
General note index
501 ## - WITH NOTE
With note illustration
600 ## - SUBJECT ADDED ENTRY--PERSONAL NAME
Source of heading or term FESTIVAL -MANAGEMENT
610 ## - SUBJECT ADDED ENTRY--CORPORATE NAME
Source of heading or term SPECIAL EVENTS-MANAGEMENT
650 ## - SUBJECT ADDED ENTRY--TOPICAL TERM
Source of heading or term Title
942 ## - ADDED ENTRY ELEMENTS (KOHA)
Source of classification or shelving scheme Dewey Decimal Classification
Koha item type Circ Books

No items available.